书目信息 |
| 题名: |
安装工程施工技术资料编制大全
|
|
| 作者: | 裴永棋 主编 | |
| 分册: | ||
| 出版信息: | 合肥 安徽科学技术出版社 1998.08 |
|
| 页数: | 341页 | |
| 开本: | 16开 | |
| 丛书名: | ||
| 单 册: | ||
| 中图分类: | ||
| 科图分类: | ||
| 主题词: | 建筑工程--各种 | |
| 电子资源: | ||
| ISBN: | 7-5337-1684-1 | |
| 000 | 00623nam0 2200205 45 | |
| 001 | 9912111001 | |
| 005 | 20001004200405.7 | |
| 010 | @a7-5337-1684-1@d30.00元 | |
| 100 | @a19991211d1998 km y0chiy0120 ea | |
| 101 | @achi | |
| 105 | @a z 000yy | |
| 200 | 1 | @a安装工程施工技术资料编制大全@AAn Zhuang Gong ChengShi Gong Ji Shu Zi Liao Bian Zhi Da Quan@f裴永棋主编@FPei Yong Qi Zhu Bian |
| 210 | @a合肥@c安徽科学技术出版社@d1998.08 | |
| 215 | @a341页@d16开 | |
| 606 | 0 | @a建筑工程@x各种 |
| 690 | @v3 | |
| 690 | @aTU758@v3 | |
| 701 | @a裴永棋@4主编 | |
| 801 | @aCN@bPFTUser@c19991211 | |
| 905 | @dTU758@eP695@b413871-872@f2 | |
| 安装工程施工技术资料编制大全/裴永棋主编.-合肥:安徽科学技术出版社,1998.08 |
| 341页;16开 |
| ISBN 7-5337-1684-1:30.00元 |
| ● |
| 相关链接 |
|
|
|
正题名:安装工程施工技术资料编制大全
索取号:TU758/P695
 
预约/预借
| 序号 | 登录号 | 条形码 | 馆藏地/架位号 | 状态 | 备注 |
| 1 | 413871 | 204138717 | 自科二线404/404自科库 10排5列1层/ [索取号:TU758/P695] | 在馆 | |
| 2 | 413872 | 204138726 | 自科二线404/404自科库 10排5列1层/ [索取号:TU758/P695] | 在馆 |